000
00258nam a2200109Ia 4500
008
220216s9999 xx 000 0 und d
100
_a
Thomas K K
245
0
_a
David Bolandine ariyuka
260
_b
Rubber
_c
2014
300
_a
16-18 (Malayalam),
942
_c
BS
999
_c
51236
_d
51236